000 00350nam a2200145Ia 4500
008 240624s9999 xx 000 0 und d
041 _aeng
082 _a346.082 KOH
100 _aKOHLI R C
245 _aPRACTICAL APPROACH TO NPA MANAGEMENT
250 _a(3rd ed.)
260 _c2013
_aNew Delhi
_bTaxmann
300 _a624 : p.
365 _cRS
_b30
999 _c22812
_d22812